000
00307 a2200121 4500
000
nam a22 7a 4500
005
20260219041507.0
020
_a
9788197877155
100
_a
Shivprasad Bagdi
_9
1116173
245
_a
Achchha Vakta Kaise Banein?
260
_b
Radhakrishna Prakashan
_c
2025
942
_c
TEXL
999
_c
1679946
_d
1679946